| 000 | 01145nkm a2200277 i 4500 | ||
|---|---|---|---|
| 001 | 4485 | ||
| 003 | ES-MaACL | ||
| 005 | 20230906144348.0 | ||
| 007 | khrbo | ||
| 008 | 070713s1989 sp --- g |001||spa d | ||
| 110 | 2 |
_aAteneo de Madrid. _91875 |
|
| 245 | 1 | 0 |
_aSocialismo, mercado y democracia [ _hFotografía] / _cAteneo de Madrid. |
| 260 |
_a[S.l. : _bs.n.], _c1989. |
||
| 300 |
_a2 fot. en negativo : _bcol. ; _c12 x 18 cm. |
||
| 490 | 1 | _aDebates sobre la Perestroika | |
| 500 | _aDatos basados en invitación. | ||
| 511 | 0 | _aInterviene: Juan Manuel Vera. | |
| 518 | _aActo organizado por el Ateneo de Madrid en colaboración con la Fundación Andreu Nin, celebrado en la sala de conferencias el lunes, 12 de junio de 1989, a las 19:30 h. | ||
| 600 | 1 | 4 |
_aVera, Juan Manuel. _9113948 |
| 610 | 2 | 4 |
_aAteneo de Madrid- _xActos culturales- _y1989- _vFotografías. _91904 |
| 710 | 2 |
_aFundación Andreu Nin (Madrid) _94215 |
|
| 830 | 0 |
_aDebates sobre la Perestroika _9227670 |
|
| 852 |
_aES-MaACL _jFOT 4/1989 |
||
| 856 | 4 |
_uhttp://www.ateneodemadrid.net/biblioteca_digital/imagenes/1989/0004-1989.jpg _zVer imagen |
|
| 999 |
_c4485 _d4485 |
||